Código de comercio : (Registro nro. 7169)
[ vista simple ]
| 000 -LEADER | |
|---|---|
| fixed length control field | 00922cam a22002654a 4500 |
| 001 - CONTROL NUMBER | |
| control field | 15268154 |
| 003 - CONTROL NUMBER IDENTIFIER | |
| control field | OSt |
| 005 - DATE AND TIME OF LATEST TRANSACTION | |
| control field | 20210211153238.0 |
| 008 - FIXED-LENGTH DATA ELEMENTS--GENERAL INFORMATION | |
| fixed length control field | 080305s2007 ck l 001 0 spa |
| 010 ## - LIBRARY OF CONGRESS CONTROL NUMBER | |
| LC control number | 2008417531 |
| 020 ## - INTERNATIONAL STANDARD BOOK NUMBER | |
| International Standard Book Number | 9583505390 |
| 040 ## - CATALOGING SOURCE | |
| Original cataloging agency | DLC |
| Transcribing agency | CO-JMCR |
| 043 ## - GEOGRAPHIC AREA CODE | |
| Geographic area code | s-ck--- |
| 082 04 - DEWEY DECIMAL CLASSIFICATION NUMBER | |
| Classification number | 347 / |
| Item number | C718c |
| Edition number | 23 |
| 110 1# - MAIN ENTRY--CORPORATE NAME | |
| Corporate name or jurisdiction name as entry element | Colombia. |
| 9 (RLIN) | 8040 |
| 240 10 - UNIFORM TITLE | |
| Uniform title | Código de comercio (1971) |
| 245 10 - TITLE STATEMENT | |
| Title | Código de comercio : |
| Remainder of title | Decreto 410 de 1971. |
| 250 ## - EDITION STATEMENT | |
| Edition statement | tercera edición |
| 260 ## - PUBLICATION, DISTRIBUTION, ETC. | |
| Place of publication, distribution, etc. | Bogotá, Colombia : |
| Name of publisher, distributor, etc. | Temis, |
| Date of publication, distribution, etc. | 2007. |
| 300 ## - PHYSICAL DESCRIPTION | |
| Extent | 1247 páginas |
| Dimensions | 17 cm. |
| 490 0# - SERIES STATEMENT | |
| Series statement | Códigos de bolsillo Jorge Ortega Torres ; |
| Volume/sequential designation | 6 |
| 505 0# - FORMATTED CONTENTS NOTE | |
| Formatted contents note | De los comerciantes y de los asuntos de comercio -- De las sociedades de comercio -- De los bienes mercantiles -- De los contratos y obligaciones mercantiles -- De la navegación -- Procedimientos |
| 650 14 - SUBJECT ADDED ENTRY--TOPICAL TERM | |
| Topical term or geographic name entry element | Ley comercial |
| Geographic subdivision | Colombia. |
| 9 (RLIN) | 13357 |
| 942 ## - ADDED ENTRY ELEMENTS (KOHA) | |
| Source of classification or shelving scheme | Dewey Decimal Classification |
| Koha item type | Books |
| Withdrawn status | Lost status | Source of classification or shelving scheme | Damaged status | Not for loan | Home library | Current library | Shelving location | Date acquired | Source of acquisition | Total Checkouts | Full call number | Barcode | Date last seen | Date last checked out | Copy number | Price effective from | Koha item type |
|---|---|---|---|---|---|---|---|---|---|---|---|---|---|---|---|---|---|
| Dewey Decimal Classification | Biblioteca Pública José María del Castillo y Rada | Biblioteca Pública José María del Castillo y Rada | General Stacks | 10/02/2020 | Donación | 1 | 347 / C718c | 201810419 | 07/15/2025 | 07/14/2025 | Ej.1 | 10/02/2020 | Books |